000 00405 a2200109 4500
001 ART_4787
005 20260410161824.0
008 260409a
245 1 0 _aUna aproximación a la necesaria reforma del régimen de accidentes de trabajo
100 1 _aAckerman, Mario E.
773 0 _tRevista de trabajo
_gAdaptabilidad y negociación colectiva - Año 1, Nº 4 (sep./oct. 1994)
_wREV4713
999 _c22654
_d22654